000 00640nam a2200181 i 4500
001 28608
003 ES-MaACL
005 20230906153910.0
007 t|
008 030117s1915 xxk ||||1| spa d
100 1 _aBalfour, Arthur James Balfour
_cEarl of (
_d1848-1930)
_924925
245 1 0 _aAl cabo de un año /
_cdiscurso pronunciado por A. J. Balfour, primer Lord del Almirantazgo.. el 4 de agosto de 1915.
260 _aParis... [etc.] :
_bThomas Nelson & Sons,
_c[1915]
300 _a18 p. ;
_c16 cm.
650 4 _aGuerra mundial, 1914-1918-
_zGran Bretaña.
_9141633
852 _aES-MaACL
_j1480-F-14
852 _aES-MaACL
_j1578-F-3
999 _c28608
_d28608